La prueba pericial en documentos cuestionados : proceso escrito y proceso oral (Registro nro. 7727)
[ vista simple ]
| 000 -Cabecera | |
|---|---|
| Campo de control de longitud fija | 00818nam a22003017a 4500 |
| 005 - Fecha y hora de la última transacción | |
| Campo de control | 20251121111706.0 |
| 008 - Elementos de longitud fija--Información general | |
| Campo de control de longitud fija | 160229b2015 xxu||||| |||| 00| 0 spa d |
| 020 ## - International Standard Book Number | |
| Número Internacional Estándar del Libro (ISBN) | 97896076102114 |
| 041 ## - Idioma | |
| Código de idioma | Español |
| 082 ## - Clasificación Decimal Dewey | |
| Número de clasificación | 363.256.5 A775p |
| 100 ## - Entrada principal--Autor personal | |
| Nombre personal | Arriaga González, Mónica Guadalupe |
| 9 (RLIN) | 5666 |
| 245 ## - Título propiamente dicho | |
| Título | La prueba pericial en documentos cuestionados : proceso escrito y proceso oral |
| 260 ## - Pie de imprenta | |
| Lugar de publicación, distribución, etc. | México |
| 260 ## - Pie de imprenta | |
| Nombre del editor, distribuidor, etc. | Flores |
| 260 ## - Pie de imprenta | |
| Fecha de publicación, distribución, etc. | 2015 |
| 300 ## - Descripción física | |
| Extensión | 307 páginas |
| 490 ## - Serie | |
| Título de la Serie | Investigación Criminal |
| 650 ## - Materia general | |
| Temática (materia general) | DOCUMENTOSCOPÍA |
| 650 ## - Materia general | |
| Temática (materia general) | DOCUMENTOS CUESTIONADOS |
| 650 ## - Materia general | |
| Temática (materia general) | GRAFOSCOPÍA |
| 650 ## - Materia general | |
| Temática (materia general) | GRAFOMETRÍA |
| 650 ## - Materia general | |
| Temática (materia general) | PERITAJE |
| 650 ## - Materia general | |
| Temática (materia general) | SISTEMA SOPOMÉTRICO |
| 650 ## - Materia general | |
| Temática (materia general) | CUESTIONARIOS |
| 650 ## - Materia general | |
| Temática (materia general) | FORMULARIOS |
| 650 ## - Materia general | |
| Temática (materia general) | PRUEBA PERICIAL |
| 942 ## - Punto de acceso adicional KOHA | |
| Tipo de ítem KOHA | Libro |
| Fuente del sistema de clasificación o colocación | Dewey Decimal Classification |
| Signatura completa | Código de barras | Programa Académico | Tipo de ítem |
|---|---|---|---|
| 363.256.5 A775p | 20487 | Investigación Criminal | Libro |